000 00358 a2200169 4500
001 183115
020 _a
040 _cMagnum
100 _aRibeiro, João Ubaldo
240 1 0 _aO sorriso do lagarto
_lpor
245 1 0 _aO sorriso do lagarto
300 _a385
362 0 _a1989
440 1 _aNova Fronteira
697 _aLITERATURA GERAL
942 _cBK
999 _c183115
_d183115